Top 10 Los Angeles Clippers NBA Starters - Statistics

General Stats
  • This quiz has been taken 242 times
  • The average score is 11 of 26
Answer Stats
Team Player % Correct
2011-12, 2012-13, 2013-14, 2014-15 Blake Griffin
97%
2011-12, 2012-13, 2013-14, 2014-15 Chris Paul
97%
2019-20, 2020-21 Kawhi Leonard
96%
2019-20, 2020-21 Paul George
95%
2011-12, 2012-13, 2013-14, 2014-15 DeAndre Jordan
94%
2019-20 Ivica Zubac
79%
1973-74, 1974-75, 1975-76 Bob McAdoo
74%
2013-14, 2014-15 J.J. Redick
74%
2005-06 Elton Brand
59%
2020-21 Reggie Jackson
58%
2019-20 Patrick Beverley
49%
1973-74, 1974-75, 1975-76 Randy Smith
49%
2019-20, 2020-21 Marcus Morris
45%
2013-14, 2014-15 Matt Barnes
43%
2005-06 Chris Kaman
31%
2020-21 Nicolas Batum
30%
2012-13 Willie Green
17%
2005-06 Sam Cassell
16%
2005-06 Cuttino Mobley
12%
2011-12, 2012-13 Caron Butler
11%
2005-06 Quinton Ross
6%
2011-12 Randy Foye
5%
1973-74 Ernie DiGregorio
3%
1973-74, 1974-75, 1975-76 Gar Heard
1%
1973-74, 1974-75, 1975-76 Jim McMillian
1%
1974-75, 1975-76 Ken Charles
1%
No matching quizzes found
Score Distribution
Percent of People with Each Score
Percentile by Number Answered
Your Score History
You have not taken this quiz